Lord of the Mysteries - The Abyss Pathway - Statistics

General Stats
  • This quiz has been taken 33 times
  • The average score is 8 of 10
Answer Stats
Sequence Number Name of Potion % Correct
Sequence 0 The Abyss
100%
Sequence 9 Criminal
95%
Sequence 6 Devil
95%
Sequence 4 Demon
86%
Sequence 7 Serial Killer
86%
Sequence 5 Desire Apostle
76%
Sequence 8 Unwinged Angel
67%
Sequence 1 Filthy Monarch
57%
Sequence 3 Blatherer
52%
Sequence 2 Bloody Archduke
48%
No matching quizzes found
Score Distribution
Percent of People with Each Score
Percentile by Number Answered
Your Score History
You have not taken this quiz